MARC

LEADER 00000nam0a2200000 4500
001 295405
005 20231102000814.0
020 |a RU  |b 84-22514 
035 |a (RuTPU)RU\TPU\book\320483 
090 |a 295405 
100 |a 20150522d1984 km y0rusy5003 ca 
101 0 |a rus 
102 |a RU 
105 |a a z 001zy 
200 1 |a Мерзлые грунты при инженерных воздействиях  |e сборник статей  |f Академия наук СССР (АН СССР), Сибирское отделение (СО), Институт мерзлотоведения (ИМЗ) ; под ред. И. Е. Гурьянова 
210 |a Новосибирск  |c Наука  |d 1984 
215 |a 132 с.  |c ил. 
320 |a Библиогр. в конце ст. 
606 1 |a Грунты мерзлые  |x Инженерно-геологические исследования  |2 stltpush  |3 (RuTPU)RU\TPU\subj\8819  |9 36157 
606 1 |a Грунты мерзлые, многолетние  |2 stltpush  |3 (RuTPU)RU\TPU\subj\8837  |9 36174 
610 1 |a физико-механические свойства 
610 1 |a подземные сооружения 
610 1 |a вечная мерзлота 
610 1 |a тепловой расчет 
610 1 |a прогнозы 
610 1 |a моделирование 
610 1 |a изменение 
610 1 |a состояние 
610 1 |a температурный режим 
675 |a 551.345  |z rus  |v 3 
675 |a 624.139  |z rus  |v 3 
702 1 |a Гурьянов  |b И. Е.  |g Игорь Емельянович  |4 340 
712 0 2 |a Академия наук СССР (АН СССР)  |b Сибирское отделение (СО)  |b Институт мерзлотоведения (ИМЗ)  |c (Якутск)  |2 stltpush  |3 (RuTPU)RU\TPU\col\12256 
801 0 |a RU  |b RuMRKP  |c 19950704  |g psbo 
801 1 |a RU  |b 63413507  |c 20150522 
801 2 |a RU  |b 63413507  |c 20190212  |g RCR 
942 |c BK